| 000 | 00637npc a2200217Ia 4500 | ||
|---|---|---|---|
| 001 | te15-31711 | ||
| 003 | IT-MiCISF | ||
| 008 | 161014s9999||||xx | und|| | ||
| 040 |
_aIT-MiCISF _cIT-MiCISF |
||
| 041 | _aen | ||
| 100 | _aAA.VV. | ||
| 240 | _aDementia Care | ||
| 245 | 0 |
_aDementia Care _bChallenges for an Ageing Europe |
|
| 250 | _a1a ed. | ||
| 260 |
_a Dublin _bEuropean Institute of Women's Health _c1999 |
||
| 300 | _app. 48 | ||
| 500 | _aEuropean Institute of Women's Health / anziani, malattie-mentali, comparazione, servizi-sanitari / | ||
| 650 | _aterza-età | ||
| 942 | _cDD | ||
| 957 | _71 | ||
| 999 |
_a31711 _bsi _g1 _c205869 _d205869 |
||